| 000 | 01293nam a2200313Ia 4500 | ||
|---|---|---|---|
| 003 | OSt | ||
| 005 | 20221007123328.0 | ||
| 006 | a|||||r|||| 00| 0 | ||
| 007 | ta | ||
| 008 | 221006b |||||||| |||| 00| 0 eng d | ||
| 020 |
_a0201627345^bhbd _c _ 61.00 |
||
| 024 | _a6829 | ||
| 037 |
_bAffiliated, _cTextual |
||
| 040 |
_aPAPL _cPAPL _beng |
||
| 041 |
_2eng _aeng |
||
| 082 | _aCK, N5 | ||
| 100 |
_aFeynman Richard P _9441988 |
||
| 245 | 0 |
_aFeynman lectures on gravitation by Richard P Feynman and others.Ed by Brian Hatfield _b Fernando B Morinigo Wagner William G Hatfield Brian Ed |
|
| 260 |
_aReading, _bMassachusetts Perseus Books _c1995 |
||
| 300 |
_axl,232p _ccm. |
||
| 500 | _aBibliography 221-228p; Index 229-232p; ^n23/CSL/Carpa/00-01/264^d2000-07-04^mPurchase; ; 2000-2001/132^b2000-07-11^cD-15561^d2000-07-07^eRs.4,892.00^fAffiliated East-West Press Pvt Ltd; ; 2000-08-01^bSB^c2000-08-17^dSK^r2000-10-17 | ||
| 650 |
_a Gravitation theory _9717095 |
||
| 650 | _aPhysics | ||
| 700 |
_a Fernando B Morinigo _9717096 |
||
| 700 |
_a Hatfield Brian Ed _9717097 |
||
| 700 |
_a Wagner William G _9458042 |
||
| 942 |
_hCK, N5 _cTEXL _2CC |
||
| 999 |
_c1211701 _d1211701 |
||